<?xml version="1.0" encoding="UTF-8"?>
<collection xmlns="http://www.loc.gov/MARC21/slim">
 <record>
  <leader>01090cam a2200277 7i4500</leader>
  <controlfield tag="001">0000057283</controlfield>
  <controlfield tag="005">20191101090000.0</controlfield>
  <controlfield tag="007">  Thesis</controlfield>
  <controlfield tag="008">191101                          eng</controlfield>
  <datafield tag="090" ind1="0" ind2="0">
   <subfield code="a">HD58.82 </subfield>
   <subfield code="b">VIS 2016</subfield>
  </datafield>
  <datafield tag="100" ind1="1" ind2="0">
   <subfield code="a">Viswanathan, Annamalai </subfield>
   <subfield code="e">author </subfield>
  </datafield>
  <datafield tag="245" ind1="1" ind2="4">
   <subfield code="a">The Relationship between E-Transformation Sustainability and Internal Organization Transformation Dynamics Mediated by Learning Within the Organization  </subfield>
   <subfield code="c">By Viswanathan Annammalai.</subfield>
  </datafield>
  <datafield tag="264" ind1=" " ind2="1">
   <subfield code="a">Nilai: </subfield>
   <subfield code="b">INTI International University, </subfield>
   <subfield code="c">2016.</subfield>
  </datafield>
  <datafield tag="264" ind1=" " ind2="4">
   <subfield code="a">♭2016.</subfield>
  </datafield>
  <datafield tag="300" ind1=" " ind2=" ">
   <subfield code="a">xviii, 447 pages: </subfield>
   <subfield code="b">illustration, colors; </subfield>
   <subfield code="c">29cm.</subfield>
  </datafield>
  <datafield tag="336" ind1=" " ind2=" ">
   <subfield code="a">text</subfield>
   <subfield code="2">rdacontent</subfield>
  </datafield>
  <datafield tag="337" ind1=" " ind2=" ">
   <subfield code="a">unmediated</subfield>
   <subfield code="2">rdamedia</subfield>
  </datafield>
  <datafield tag="338" ind1=" " ind2=" ">
   <subfield code="a">volume</subfield>
   <subfield code="2">rdacarrier</subfield>
  </datafield>
  <datafield tag="440" ind1="0" ind2="2">
   <subfield code="a">A Thesis submitted to INTI International University In Candidature For The Degree Of Doctor Of Philosophy</subfield>
  </datafield>
  <datafield tag="500" ind1=" " ind2=" ">
   <subfield code="a">TPHD 8</subfield>
  </datafield>
  <datafield tag="650" ind1="0" ind2="0">
   <subfield code="a">Organizational learning -- </subfield>
   <subfield code="x">Technological innovations </subfield>
  </datafield>
  <datafield tag="650" ind1="0" ind2="0">
   <subfield code="a">E-Transforamtion </subfield>
  </datafield>
  <datafield tag="650" ind1="0" ind2="0">
   <subfield code="a">Knowledge management </subfield>
  </datafield>
  <datafield tag="650" ind1="0" ind2="0">
   <subfield code="a">Organizational learning </subfield>
  </datafield>
  <datafield tag="650" ind1="0" ind2="0">
   <subfield code="a">INTI International University </subfield>
  </datafield>
  <datafield tag="650" ind1="0" ind2="0">
   <subfield code="a">Thesis </subfield>
  </datafield>
 </record>
</collection>
